00518nam a2200193 a 4500001001300000003000900013005001700022008004100039020001000080082001300090100001800103245006300121260005300184300000800237500003500245505001300280650001300293700001800306nice12345678IN_TiNIC20260116011717.0050524s1973 tria grp 000 0 eng  ac10000a230bENG aEngland, John aTheology in Actionb a Workshop for Malaysia and Singapore aTrivandrumbEast Asia Christian Conferencec1973 a82p aincludes index and biblioraphy2 aAppendix aTheology1 aEngland, John